000 00554pab a2200193 454500
008 180718b2012 xxu||||| |||| 00| 0 eng d
100 _aChidambaram, Soundarya
245 _aThe right kind of welfare in south India's urban slums: Seva vs patronage and the success of Hindu Nationalist Organizations
260 _c2012
300 _ap.298-320.
362 _aMar-Apr
650 _aCivil society - India
650 _aNationalism - India
650 _aSlums - India
650 _aSlums
773 _aAsian Survey
908 _aN
909 _a97394
999 _c97394
_d97394